Love for antiquity : selections from the Joukowsky collection /

محفوظ في:

المؤلف الرئيسي: Winkes, Rolf

التنسيق: كتاب

اللغة: Undetermined

منشور في: Louvain-la-Neuve : Institut superieur d'archeologie et d'histoire de l'art, 1985.

سلاسل: Archaeologia transatlantica 7

الموضوعات:

الوسوم: إضافة وسم

لا توجد وسوم, كن أول من يضع وسما على هذه التسجيلة!

رقم الطلب: N5337 .J68 L68

LEADER 00815nam a2200181Ia 4500
008 220401s9999||||xx |||||||||||||| ||und||
050 4 |a N5337 .J68 L68 
100 1 |a Winkes, Rolf 
245 1 0 |a Love for antiquity :  |b selections from the Joukowsky collection /  |c Rolf Winkes. 
264 1 |a Louvain-la-Neuve :  |b Institut superieur d'archeologie et d'histoire de l'art,  |c 1985. 
300 |a 125p. :  |b ill. (some col.), map ;  |c 27cm. 
490 0 |a Archaeologia transatlantica 7 
500 |a includes bibliographical references. 
650 1 4 |a Art Private collections United States Exhibitions. 
650 1 4 |a Art, Ancient Mediterranean Region Exhibitions. 
942 |2 lcc  |c BK 
952 |0 0  |1 0  |2 lcc  |4 0  |6 N5337 J68 L68  |7 1  |9 39206  |a ARCE  |b ARCE  |d 2022-04-01  |l 0  |o N5337 .J68 L68  |p 1003802  |r 2022-04-01 00:00:00  |w 2022-04-01  |y BK 
999 |c 46787  |d 46787